000 00698nam a2200229Ia 4500
003 OSt
005 20220923211739.0
006 a|||||r|||| 00| 0
007 ta
008 220922b |||||||| |||| 00| 0 pl d
024 _a46,351
037 _cTextual
040 _aARTS
_cARTS
_bpl
041 _2pl
_apl
082 _aQ31:21xD36:1, 151K6.1-.7
100 _aभूतबलि
245 0 _aमहाबंधो, सुमेरूचन्द्र दिवाकर सम्पा
246 _ahinābandho, sumerūchandra divākar sampā
260 _c1966
942 _hQ31:21xD36:1, 151K6.1-.7
_cTEXL
_2CC
999 _c303134
_d303134